<?xml version="1.0" encoding="UTF-8"?>
<record
    xmlns:xsi="http://www.w3.org/2001/XMLSchema-instance"
    xsi:schemaLocation="http://www.loc.gov/MARC21/slim http://www.loc.gov/standards/marcxml/schema/MARC21slim.xsd"
    xmlns="http://www.loc.gov/MARC21/slim">

  <leader>01321nam a22001457a 4500</leader>
  <datafield tag="999" ind1=" " ind2=" ">
    <subfield code="c">533076</subfield>
    <subfield code="d">533076</subfield>
  </datafield>
  <controlfield tag="008">260421b           ||||| |||| 00| 0 eng d</controlfield>
  <datafield tag="100" ind1=" " ind2=" ">
    <subfield code="a">Minkande, Julien Brice </subfield>
    <subfield code="9">60154</subfield>
  </datafield>
  <datafield tag="245" ind1=" " ind2=" ">
    <subfield code="a">Farm households facing food insecurity: Who is more resilient, Men or Women ?</subfield>
  </datafield>
  <datafield tag="260" ind1=" " ind2=" ">
    <subfield code="a">Journal of Social and Economic Development </subfield>
  </datafield>
  <datafield tag="300" ind1=" " ind2=" ">
    <subfield code="a">27(3), Dec, 2025: p.935-956</subfield>
  </datafield>
  <datafield tag="520" ind1=" " ind2=" ">
    <subfield code="a">The purpose of this paper is twofold: to determine who is more resilient, male or female, and to analyze the indicators of resilience for each gender. Based on data from a sample of 617 households surveyed in Central Cameroon and analyzed by the resilience index measurement and analysis II model, we find that women are less resilient than men. The low level of resilience is explained by the indicators of access to basic services and social safety net pillars. To improve women&#x2019;s resilience, the focus could be on the assets and adaptive capacity pillars. These include policies to improve the acquisition of durable goods and agricultural inputs, training of women in agricultural adaptation techniques.- Reproduced 

https://link.springer.com/article/10.1007/s40847-025-00456-7
</subfield>
  </datafield>
  <datafield tag="650" ind1=" " ind2=" ">
    <subfield code="a">Resilience, Farm household, Food security, Gender, RIMA II</subfield>
    <subfield code="9">60155</subfield>
  </datafield>
  <datafield tag="773" ind1=" " ind2=" ">
    <subfield code="a">Journal of Social and Economic Development </subfield>
  </datafield>
  <datafield tag="942" ind1=" " ind2=" ">
    <subfield code="c">AR</subfield>
  </datafield>
  <datafield tag="952" ind1=" " ind2=" ">
    <subfield code="0">0</subfield>
    <subfield code="1">0</subfield>
    <subfield code="2">ddc</subfield>
    <subfield code="4">0</subfield>
    <subfield code="7">0</subfield>
    <subfield code="9">408247</subfield>
    <subfield code="a">IIPA</subfield>
    <subfield code="b">IIPA</subfield>
    <subfield code="d">2026-04-21</subfield>
    <subfield code="h">27(3), Dec, 2025: p.935-956</subfield>
    <subfield code="p">AR138588</subfield>
    <subfield code="r">2026-04-21</subfield>
    <subfield code="y">AR</subfield>
  </datafield>
</record>
